| 000 | 01237cam a22003131 4500 | ||
|---|---|---|---|
| 001 | e 43000051 | ||
| 003 | DLC | ||
| 005 | 20260227111231.0 | ||
| 008 | 861020s1942 alu s000 0 eng | ||
| 010 | _ae 43000051 | ||
| 035 | _a(OCoLC)14443109 | ||
| 040 |
_aDLC _cATrT _dDLC |
||
| 042 | _apremarc | ||
| 050 | 0 | 0 |
_aL116 _b.B2 1942, no. 6 |
| 082 | _a375.009761 | ||
| 110 | 1 |
_aAlabama. _bDepartment of Education. |
|
| 245 | 1 | 0 |
_a1942 supplement to the state course of study of elementary and secondary schools. _bAlabama curriculum development program. _cAuthorized by the State board of education. |
| 260 |
_a[Montgomery, _c1942] |
||
| 300 |
_a36 p. _c23 cm. |
||
| 490 | 1 |
_aCurriculum bulletin _vno. 10 |
|
| 490 | 1 |
_aDepartment bulletin _v[1942] no. 6 |
|
| 500 | _aAt head of title: State of Alabama. Dept. of education. Division of instruction, Montgomery. | ||
| 500 | _aSupplement to Curriculum bulletins 8 and 9. | ||
| 650 | 0 |
_aEducation _xCurricula _zAlabama. |
|
| 710 | 1 |
_aAlabama. _bState Board of Education. |
|
| 740 | 0 | _aAlabama curriculum development program. | |
| 830 | 0 |
_aCurriculum bulletin (Alabama. Department of Education) ; _vno. 10. |
|
| 830 | 0 |
_aBulletin (Alabama. Department of Education) ; _v[1942] no. 6. |
|
| 999 |
_c21919 _d21919 |
||